000 00658nam a22002417a 4500
003 UA-OsUOA
001 821
007 ta
008 20050706b un ||||| |||| 00| 0 ukr d
100 _aЕлисеев Д.Д.
090 _a82.09(519)
_bЕ51
942 _cBK
040 _aUA-OsUOA
_brus
_cUA-OsUOA
_dUA-OsUOA
245 _aНовела корейского средневековья
300 _a253 с.
955 _a1
041 _arus
080 _a82.09(519)
260 _aМ.
_bНаука
_c1977
246 3 1 _aЭволюция жанра
_n
650 7 _a82 Література. Літературознавство
_2UDC
999 _c286988
_d286988